Logo BPK

Biblioteka

Politechniki Koszalińskiej

Altägyptische Weisheit : (Rekord nr 50658)

Szczegóły MARC
000 -ETYKIETA REKORDU
podpole kontrolne o stałej długości 00577nam a2200193 i 4500
001 - NUMER KONTROLNY REKORDU
pole kontrolne bgj
020 ## - MIĘDZYNARODOWY ZNORMALIZOWANY NUMER KSIĄŻKI - ISBN
ISBN 3760836836
040 ## - ŹRÓDŁO KATALOGOWANIA
Instytucja, która utworzyła rekord BPK
041 0# - KOD JĘZYKA
Kod języka tekstu ger
920 ## - Międzynarodowy znormalizowany numer książki – ISBN
ISBN 3-7608-3683-6
008 - POLE O STAŁEJ DŁUGOŚCI - DANE KONTROLNE
podpole kontrolne o stałej długości s gw f |000 0 ger
100 1# - NAZWA OSOBOWA
Nazwa osobowa BRUNNER, Hellmut.
245 10 - TYTUŁ/ODPOWIEDZIALNOŚĆ
Tytuł Altägyptische Weisheit :
Ciąg dalszy tytułu Lehren für das Leben /
Pozostałe elementy strefy tytułu i oznaczenia odpowiedzialności Eingeleitet, Überetzt und Erläutert von Hellmut Brunner.
260 ## - STREFA ADRESU WYDAWNICZEGO
Miejsce wydania Zürich :
Nazwa wydawcy/dystrybutora Artemis Verlag,
Data publikacji, dystrybucji/powstania dokumentu 1988.
300 ## - STREFA OPISU FIZYCZNEGO
Objętość 527, [1], S. ;
Rozmiary 18 cm.
504 ## - UWAGA DOTYCZĄCA BIBLIOGRAFII
Informacje o bibliografii Bibliographie S. 427-524.
651 #9 - HASŁO PRZEDMIOTOWE W FORMIE NAZWY GEOGRAFICZNEJ
Nazwa geograficzna Ägypten
Określnik ogólny Religion
-- Weishait
856 ## - LOKALIZACJA I DOSTĘP DO ELEKTRONICZNYCH DOKUMENTÓW ZDALNYCH
Link (URL) http://koha.tu.koszalin.pl/cgi-bin/koha/opac-detail.pl?biblionumber=50658
Tekst linku Katalog online BPK
942 ## - DODATKOWE ELEMENTY (KOHA)
Typ dokumentu Książka
Egzemplarze
Wycofany Status egzemplarza Uszkodzony Dostępność Lokalizacja stała Lokalizacja bieżąca Miejsce przechowywania Sygnatura Kod kreskowy Typ dokumentu
      Dostępny Biblioteka Politechniki Koszalińskiej Biblioteka Politechniki Koszalińskiej Wypożyczalnia Językowa N 746 01581584 Książka
© 2023 Biblioteka Politechniki Koszalińskiej :: KOHA